[Event "Costa Serena Masters"]
[Site "Costa Serena"]
[Date "2009.01.26"]
[Round "3"]
[White "Colonna, Mateo"]
[Black "Stepanov, Mikhail"]
[Result "1/2-1/2"]
[WhiteElo "2150"]
[BlackElo "2214"]
[PlyCount "160"]
[EventDate "2009.01.25"]
[EventType "tourn"]
[EventRounds "5"]
[EventCountry "FRA"]
[EventCategory "1"]
[SourceTitle "CBM 128 Extra"]
[Source "ChessBase"]
[SourceDate "2009.03.05"]
[SourceVersion "2"]
[SourceVersionDate "2009.03.25"]
[SourceQuality "1"]

1. e4 e5 2. Nf3 Nc6 3. Bb5 f5 4. Nc3 fxe4 5. Nxe4 d5 6. Nxe5 dxe4 7. Nxc6 Qg5 8. Qe2 Nf6 9. f4 Qxf4 10. Ne5+ c6 11. d4 Qh4+ 12. g3 Qh3 13. Bc4 Be6 14. Bg5 0-0-0 15. 0-0-0 Bd6 16. Bxe6+ Qxe6 17. Qc4 Qxc4 18. Nxc4 Bc7 19. Rhf1 Rdf8 20. Bxf6 Rxf6 21. Rxf6 gxf6 22. Ne3 h5 23. Nf5 Kd7 24. Rf1 Ke6 25. Kd2 h4 26. Nxh4 f5 27. Ke3 Bd8 28. Rxf5 Bxh4 29. Re5+ Kd6 30. gxh4 Rxh4 31. Rxe4 Rh3+ 32. Kd2 Rxh2+ 33. Kd3 a5 34. b3 b6 35. Re2 Rh3+ 36. Re3 Rh6 37. c4 Rg6 38. Rh3 Rg1 39. Rh6+ Kc7 40. Rh7+ Kc8 41. d5 cxd5 42. cxd5 Rg2 43. a4 Rg4 44. Rh6 Rb4 45. Rc6+ Kb7 46. Rc3 Rh4 47. Rc4 Rh3+ 48. Kd4 Rxb3 49. d6 Rb1 50. Rc7+ Kb8 51. Ke5 Re1+ 52. Kd5 Rd1+ 53. Ke6 Re1+ 54. Kd7 Re4 55. Kd8 Rxa4 56. d7 Re4 57. Rc8+ Kb7 58. Rc7+ Kb8 59. Rc8+ Kb7 60. Rc7+ Ka6 61. Kc8 Rd4 62. d8Q Rxd8+ 63. Kxd8 a4 64. Kd7 b5 65. Kc6 a3 66. Rc8 Ka5 67. Rf8 a2 68. Rf1 b4 69. Kc5 b3 70. Rf8 Ka6 71. Kc6 Ka7 72. Rf7+ Ka6 73. Rf8 Ka5 74. Kc5 Ka4 75. Kc4 Ka3 76. Ra8+ Kb2 77. Kb4 Kc2 78. Ra3 b2 79. Rxa2 Kc1 80. Rxb2 Kxb2 1/2-1/2